सप्रेम भेट. (Record no. 704820)

MARC details
000 -LEADER
fixed length control field 00548nam a2200181Ia 4500
008 - FIXED-LENGTH DATA ELEMENTS--GENERAL INFORMATION
fixed length control field 100920s9999 xx 000 0 und d
082 ## - DEWEY DECIMAL CLASSIFICATION NUMBER
Item number 61651
Classification number 24 थ 87
100 ## - MAIN ENTRY--PERSONAL NAME
Personal name भिडे श्रीधर.
245 ## - TITLE STATEMENT
Title सप्रेम भेट.
260 ## - PUBLICATION, DISTRIBUTION, ETC. (IMPRINT)
Name of publisher, distributor, etc मनमोहिनी प्रकाशन, पुणे.
Date of publication, distribution, etc 1987
300 ## - PHYSICAL DESCRIPTION
Extent 183
Other physical details साधी
365 ## - TRADE PRICE
Price amount 40
520 ## - SUMMARY, ETC.
Summary, etc सायो.
630 ## - SUBJECT ADDED ENTRY--UNIFORM TITLE
Uniform title सप्रेम भेट.
650 ## - SUBJECT ADDED ENTRY--TOPICAL TERM
Topical term or geographic name as entry element सायो.
730 ## - ADDED ENTRY--UNIFORM TITLE
Uniform title सप्रेम भेट.
942 ## - ADDED ENTRY ELEMENTS (KOHA)
Koha item type Book
Holdings
Withdrawn status Lost status Damaged status Not for loan Home library Current library Shelving location Date acquired Cost, normal purchase price Total Checkouts Barcode Date last seen Price effective from Koha item type Public note
        Shri Chhatrapati Pratapsinh Maharaj ( Thorle) Nagar Vachanalaya, Satara Shri Chhatrapati Pratapsinh Maharaj ( Thorle) Nagar Vachanalaya, Satara     40.00   SATVAC-61651 09/20/2010 09/20/2010 Book साखळी योजना